Katha/ (Record no. 22319)

000 -LEADER
fixed length control field 00375nam a22001571a 4500
020 ## - INTERNATIONAL STANDARD BOOK NUMBER
ISBN 9788124007402
082 ## - DEWEY DECIMAL CLASSIFICATION NUMBER
Classification number M301
Item number BAL/K
100 ## - MAIN ENTRY--AUTHOR NAME
Personal name Balakrishnan C V
245 ## - TITLE STATEMENT
Title Katha/
Statement of responsibility, etc by Balakrishnan C V
260 ## - PUBLICATION, DISTRIBUTION, ETC. (IMPRINT)
Place of publication Kozhikode:
Name of publisher Mulberry,
Year of publication 1999.
300 ## - PHYSICAL DESCRIPTION
Number of Pages 144p.
650 ## - SUBJECT ADDED ENTRY--TOPICAL TERM
Topical Term Stories Malayalam
650 ## - SUBJECT ADDED ENTRY--TOPICAL TERM
Topical Term Literature Malayalam
650 ## - SUBJECT ADDED ENTRY--TOPICAL TERM
Topical Term Literature
942 ## - ADDED ENTRY ELEMENTS (KOHA)
Koha item type Book
Holdings
Withdrawn status Lost status Damaged status Not for loan Permanent Location Current Location Date acquired Cost, normal purchase price Full call number Accession Number Cost, replacement price Price effective from Koha item type Shelving location
Write off   Damaged 1 Sree Sankaracharya University of Sanskrit Sree Sankaracharya University of Sanskrit 08.01.2015 65.00 M301 BAL/K 015972 0.00 08.01.2015 Book  
        Sree Sankaracharya University of Sanskrit Sree Sankaracharya University of Sanskrit 08.01.2015 65.00 M301 BAL/K 039631 0.00 08.01.2015 Book  
        Sree Sankaracharya University of Sanskrit Sree Sankaracharya University of Sanskrit 04.08.2020 65.00 M301 BAL/K 100172   04.08.2020 Book Stacks